000 00804nam a2200181 a 4500
001 BRCA_503
005 20190320203034.0
008 110408s2006----sp-a---###---#000-0#spa-#
020 _a8481813141
050 4 _aNK4123
_b.C47 2006
245 1 0 _aLa cerámica española y su integración en el arte.
260 _aValencia
_bMinisterio de Cultura : Bancaja : Museo Nacional de Cerámica y Artes Suntuarias González Martí
_c2006
300 _a200 p.
_bil. (algunas a color), fotografías
_c28 cm.
500 _aCatálogo de la exposición realizada en el Museo Nacional de Cerámica y Artes Suntuarias González Martí (Valencia, España), 7 noviembre, 2006 - 4 febrero, 2007
650 1 4 _aCerámica
_ySiglos XX y XXI
_zEspaña
_91729
650 1 4 _aCerámica
_xModernismo y expresionismo
_91730
942 _2lcc
_cB
999 _c436
_d436